Handbook of library cooperation

Αποθηκεύτηκε σε:
Λεπτομέρειες βιβλιογραφικής εγγραφής
Άλλοι συγγραφείς: MacDougall, Alan (Επιμελητής έκδοσης), Prytherch, Raymond John (Επιμελητής έκδοσης)
Μορφή: Βιβλίο
Γλώσσα:English
Δημοσίευση: Aldershot : Gower, 1991
Θέματα:
Ετικέτες: Προσθήκη ετικέτας
Δεν υπάρχουν, Καταχωρήστε ετικέτα πρώτοι!

MARC

LEADER 00000nam a2200000 i 4500
001 1/80279
008 990507s1991 eng d
020 |a 0-566-03627-4 
035 |l 10050595 
040 |a GR-MY-UA  |b gre  |e aacr 
041 0 |a eng 
082 0 |a 021.640941  |2 (21) 
245 1 0 |a Handbook of library cooperation /  |c edited by A.F. MacDougall and R. Prytherch 
260 |a Aldershot :   |b Gower,   |c 1991 
300 |a x, 314 σ. 
650 0 0 |a Library cooperation  |z Great Britain. 
650 0 0 |a Library cooperation  |x Handbooks, manuals, etc. 
700 1 |a MacDougall, Alan.  |4 edt 
700 1 |a Prytherch, Raymond John.  |4 edt 
852 |a INST  |b LESVOS  |e 19990507  |h 021.640941 HAN  |p 005100021473  |q 005100021473  |t BK  |y 0 
901 |a BIBL1-2000-2 
909 |a Λ  |b 062126 
922 |a 1ΕΛΗ  |b 199812  |c ΚΠΣ/ΚΥΒ  |d LEADER 
950 |a 023-1998-09-14 
970 |z 2000/07/ΔΕΜΕΝΑΓΑΣ